L'educazione sessuale oggi in Italia /
Uloženo v:
| Hlavní autoři: | , |
|---|---|
| Médium: | Kniha |
| Jazyk: | italština |
| Vydáno: |
Milano :
Silva,
1963
|
| Edice: | La società d'oggi
|
| Témata: | |
| Tagy: |
Žádné tagy, Buďte první, kdo vytvoří štítek k tomuto záznamu!
|
MARC
| LEADER | 00000nam a22000007i 4500 | ||
|---|---|---|---|
| 001 | IT\ICCU\CFI\0338851 | ||
| 003 | ItRI | ||
| 005 | 20260115232329.0 | ||
| 008 | 971028s1963 it |||||| ||||| |||||c | ||
| 040 | |b ita |c importazione bologna sebina | ||
| 041 | 7 | |a ita |2 ISO-639-2 | |
| 082 | |a 306.70945 |9 ISTITUZIONI ATTINENTI ALLE RELAZIONI TRA I SESSI. Italia |2 20 | ||
| 100 | 1 | |a Cantaroni, Nullo |0 IT\ICCU\CFIV\024365 |4 aut | |
| 245 | 1 | 2 | |a L'educazione sessuale oggi in Italia / |c Nullo Cantaroni, Francesco Parenti. |
| 260 | |a Milano : |b Silva, |c 1963 | ||
| 300 | |a 229 p. ; |c 22 cm | ||
| 650 | 7 | |a Italiani |x Comportamento sessuale |2 scbi | |
| 700 | 1 | |a Parenti, Francesco, |d (1925-1990) |0 IT\ICCU\CFIV\028604 |4 aut | |
| 752 | |a it |d Milano | ||
| 830 | 3 | |a La società d'oggi |0 IT\ICCU\CSA\0036016 | |
| 942 | |2 ddc |c BK |n 0 | ||
| 952 | |0 0 |1 0 |4 0 |6 DOC_613_907000000000000_CAN |7 0 |9 24304 |a BO |b BO |d 2026-01-15 |i 747 |l 0 |o DOC 613.907 CAN |p BO747 |r 2026-01-15 23:23:29 |w 2026-01-15 |x [Sebina 7] [1 v.] |y BK |z 1 v. | ||
| 999 | |c 20687 |d 20687 | ||